000
00269nam a2200109Ia 4500
008
190216s9999||||xx |||||||||||||| ||und||
100
_a
Mahesh Chandra
245
0
_a
Income Tax Law And Practice
260
_b
Himalaya Publishing House
_c
1979
300
_a
636p
942
_c
BK
999
_c
4395
_d
4395